Statistics for Big Mouth: Who said it?

Click here to take the quiz!

General Stats

  • This quiz has been taken 15 times
  • The average score is 11 of 20

Answer Stats

HintAnswer% Correct
I'm like Young Sheldon, if he fuckedJay 1
100%
Well, time is a flatbread pizza, so you do you, babyRick
100%
I gotta be honest with you. I know I seem like a real gigolo, but actually I’m a little nervous because I’m a total virginCoach Steve
75%
I wish women were more sex-positive but we're just not there yet.Daniel
75%
My balls are about to shitJay 2
75%
Just jerk yourself off and get your shit together!Jay 3
75%
Ladies, women, girl bosses, let's take a step back and remember who the real enemy is. The boys!Jessi
75%
Dad, your breath smells like pussyJudd
75%
You could have been lured into an electronics store by a pushy Israeli and forced to buy a camera you don’t wantBarbara Glouberman
50%
Yeah, let's be sexy pirates with peg legs made of dildosConnie
50%
I'm not nervous. I'm just uncertain how things will go and, therefore, deeply terrifiedMatthew 1
50%
Daniel, you've been a busy little asshole, huh?Matthew 2
50%
I am scared and aroused, the chocolate and peanut butter of feelingsAndrew 1
25%
I guess I should go to school, even though there's no porn thereAndrew 2
25%
I came here to do two things. Eat some Pringles and get my body rockedLola
25%
We just need to get through dinner, and then we can do the titty tangoMaury 1
25%
You lean your head back, arch your crotch in the air and say, 'Dinner is served.'Maury 2
25%
Oh God, you're pale and sweating and shaking. You look like Prince Andrew getting interviewedMona
25%
I love how you inspire me to jack offNick 1
25%
Are we really doing the Electric Slide right now?Nick 2
25%

Score Distribution

Percentile by Number Answered

Percent of People with Each Score

Your Score History

You have not taken this quiz